上野駅から出ている行先クイズ - Statistics

General Stats
  • This quiz has been taken 214 times
  • The average score is 67 of 76
Answer Stats
路線 % Correct
新幹線 新函館北斗
99%
新青森
99%
盛岡
99%
仙台
99%
高崎
99%
宇都宮線 宇都宮
99%
高崎
99%
常磐線 仙台
99%
新潟
97%
京浜東北線 大宮
97%
秋田
96%
品川
96%
品川
96%
品川
96%
品川
96%
郡山
95%
金沢
95%
長野
95%
東京
95%
東京
95%
大崎
94%
山形
93%
敦賀
93%
那須塩原
92%
越後湯沢
92%
熱海
92%
熱海
92%
水戸
92%
新庄
91%
小田原
91%
沼津
91%
小田原
91%
沼津
91%
いわき
91%
大船
91%
山手線 池袋
91%
小金井
90%
前橋
90%
渋谷
90%
南浦和
88%
新前橋
87%
土浦
87%
取手
87%
赤羽
87%
銀座線 浅草
87%
平塚
86%
国府津
86%
籠原
86%
平塚
86%
国府津
86%
東神奈川
86%
伊東
85%
伊東
85%
高萩
85%
勝田
85%
我孫子
85%
蒲田
85%
鶴見
85%
桜木町
85%
北千住
85%
日比谷線 中目黒
84%
古河
82%
磯子
82%
松戸
81%
東武動物公園
81%
本庄
78%
成田
77%
南栗橋
77%
高崎線 長野原草津口
73%
久喜
73%
鴻巣
72%
北春日部
69%
北越谷
68%
竹ノ塚
66%
草加
65%
南千住
63%
No matching quizzes found
Score Distribution
Percent of People with Each Score
Percentile by Number Answered
Your Score History
You have not taken this quiz